00445 a2200145 4500010001400000020002300014035001300037037001500050082001400065100001800079245008300097260003700180270005500217300002700272 aENG-88049 a8189901060c695.00 aEN-71582 bDBAD / PUB14a956.704431 aMehrish, B.N.1 aThe Iraq war and legal issues :bthe trial of Saddam Hussein /cby B.N.Mehrish aDelhibAcademic Excellencec2007 a42, Ekta Apartments, Geeta Colony,bDelhie110 031 aix, 254 p.c22 cm (HB)